[Event "BEL-ch opB"]
[Site "Westerlo"]
[Date "2004.07.??"]
[Round "9"]
[White "Van Bever, Roland"]
[Black "Hamblok, Roel"]
[Result "1-0"]
[WhiteElo "1957"]
[BlackElo "1568"]
[PlyCount "97"]
[EventDate "2004.07.??"]
[EventType "swiss"]
[EventRounds "9"]
[EventCountry "BEL"]
[SourceTitle "EXT 2005"]
[Source "ChessBase"]
[SourceDate "2004.11.15"]
[SourceVersion "1"]
[SourceVersionDate "2004.11.15"]
[SourceQuality "1"]

1. e4 c5 2. Nc3 Nc6 3. g3 e6 4. Bg2 Nge7 5. d3 g6 6. Be3 b6 7. e5 Bg7 8. f4 0-0 9. Ne4 Nf5 10. Bf2 Bb7 11. c3 d5 12. exd6 Nxd6 13. Nf3 Nxe4 14. dxe4 Ne7 15. e5 Qxd1+ 16. Rxd1 Rad8 17. 0-0 Nf5 18. a4 Rfe8 19. a5 Bf8 20. axb6 axb6 21. Nd2 Bxg2 22. Kxg2 b5 23. Ne4 Rxd1 24. Rxd1 Rc8 25. g4 Ne7 26. Nd6 Rb8 27. Bxc5 Nd5 28. Kf3 Ra8 29. Ne4 Bxc5 30. Nxc5 Ra2 31. Rd2 Kg7 32. Ne4 Nb6 33. Nd6 Na4 34. Nxb5 Rxb2 35. Rxb2 Nxb2 36. Ke3 f5 37. gxf5 gxf5 38. Kd4 Na4 39. c4 Kf7 40. c5 Ke7 41. Nc3 Nb2 42. Ne2 Kd7 43. Kc3 Nd1+ 44. Kb4 Ne3 45. Kb5 Nd5 46. c6+ Kc7 47. Kc5 h6 48. h3 Ne3 49. Nd4 1-0

[Event "BEL-ch opB"]
[Site "Westerlo"]
[Date "2004.07.??"]
[Round "1"]
[White "Van Bever, Roland"]
[Black "Poels, Georges"]
[Result "1-0"]
[WhiteElo "1957"]
[BlackElo "1555"]
[PlyCount "53"]
[EventDate "2004.07.??"]
[EventType "swiss"]
[EventRounds "9"]
[EventCountry "BEL"]
[SourceTitle "EXT 2005"]
[Source "ChessBase"]
[SourceDate "2004.11.15"]
[SourceVersion "1"]
[SourceVersionDate "2004.11.15"]
[SourceQuality "1"]

1. b3 e5 2. Bb2 d6 3. g3 Nf6 4. Bg2 Be7 5. d3 Nbd7 6. Nh3 Nb6 7. 0-0 0-0 8. Nd2 Rb8 9. e3 h6 10. f4 exf4 11. Nxf4 Re8 12. h3 d5 13. Qf3 c6 14. Nh5 Nbd7 15. e4 Rf8 16. exd5 cxd5 17. Rae1 Nxh5 18. Qxh5 Nf6 19. Bxf6 Bxf6 20. Bxd5 Bxh3 21. Bxf7+ Rxf7 22. Qxh3 Bd4+ 23. Kh2 Rxf1 24. Rxf1 Bf6 25. Ne4 Be7 26. Qe6+ Kh8 27. Rf7 1-0

[Event "BEL-ch opB"]
[Site "Westerlo"]
[Date "2004.07.??"]
[Round "7"]
[White "Van Bever, Roland"]
[Black "Sterckx, Ben"]
[Result "1-0"]
[WhiteElo "1957"]
[BlackElo "1656"]
[PlyCount "75"]
[EventDate "2004.07.??"]
[EventType "swiss"]
[EventRounds "9"]
[EventCountry "BEL"]
[SourceTitle "EXT 2005"]
[Source "ChessBase"]
[SourceDate "2004.11.15"]
[SourceVersion "1"]
[SourceVersionDate "2004.11.15"]
[SourceQuality "1"]

1. b3 e5 2. Bb2 Nc6 3. e3 d5 4. Bb5 Nge7 5. Bxe5 Bd7 6. Bb2 a6 7. Bxc6 Bxc6 8. Nf3 Ng6 9. 0-0 f6 10. d3 Bc5 11. Nbd2 Bd7 12. e4 dxe4 13. Nxe4 Be7 14. d4 Bf5 15. Ng3 Qd7 16. c4 0-0 17. d5 Bg4 18. h3 Bxf3 19. Qxf3 Bd6 20. Qf5 Qxf5 21. Nxf5 Be5 22. Bxe5 Nxe5 23. Rad1 g6 24. Nd4 Rac8 25. f4 Nd7 26. Rfe1 Rfe8 27. Rxe8+ Rxe8 28. Ne6 Rc8 29. Kf2 Kf7 30. Re1 h6 31. g4 a5 32. Kg3 Nf8 33. f5 g5 34. h4 Nd7 35. hxg5 hxg5 36. Rh1 Kg8 37. Rh6 b6 38. Rg6+ 1-0